00244nam a2200085 a 450000500170000000800410001705000180005824500450007626000370012120140513081053.0090911s19uu xx 00 eng d aKitbMR. 1982 aMr. Men Sing Along /cHangreaves, Roger. aU.S.A :bOttenheimer pub,c1982.